Проектная деятельность в вузе: особенности сферы физической культуры и спорта (Запись № 12555276)
[ простой вид ]
| 000 -МАРКЕР | |
|---|---|
| контрольное поле | 03564nam0a2200385 4500 |
| 001 - ИДЕНТИФИКАТОР ЗАПИСИ | |
| контрольное поле | RU\NLR\BIBL_A\012592072 |
| 005 - ИДЕНТИФИКАТОР ВЕРСИИ | |
| контрольное поле | 20211125110532.0 |
| 010 ## - МЕЖДУНАРОДНЫЙ СТАНДАРТНЫЙ НОМЕР КНИГИ (ISBN) | |
| Номер (ISBN) | 978-5-9275-3735-8 |
| Тираж | 300 |
| 021 ## - НОМЕР ГОСУДАРСТВЕННОЙ РЕГИСТРАЦИИ | |
| Код страны | Российская Федерация |
| Номер | КН-П-21-029207 |
| Номер Листа государственной регистраци | КН-П-21-2267 |
| 035 ## - ДРУГИЕ СИСТЕМНЫЕ НОМЕРА | |
| Идентификатор записи | (NLR Aleph) 012592072 |
| 100 ## - ДАННЫЕ ОБЩЕЙ ОБРАБОТКИ | |
| Данные общей обработки | 20210907d2020 u y0rusy50 ca |
| 101 0# - ЯЗЫК РЕСУРСА | |
| Язык текста, звукозаписи и т.д. | русский |
| 102 ## - СТРАНА ПУБЛИКАЦИИ ИЛИ ПРОИЗВОДСТВА | |
| Страна публикации | Российская Федерация |
| 105 ## - ПОЛЕ КОДИРОВАННЫХ ДАННЫХ: ТЕКСТОВЫЕ МАТЕРИАЛЫ, МОНОГРАФИЧЕСКИЕ | |
| Кодированные данные о монографическом текстовом документе | a|||j|||000zy |
| 181 #0 - ПОЛЕ КОДИРОВАННЫХ ДАННЫХ: ВИД СОДЕРЖАНИЯ | |
| Код вида содержания (ISBD) | i3 |
| Код характеристики содержания (ISBD) | axxe |
| 182 #0 - ПОЛЕ КОДИРОВАННЫХ ДАННЫХ: ТИП СРЕДСТВА | |
| Код типа средства (ISBD) | n - непосредственное |
| 200 1# - ЗАГЛАВИЕ И СВЕДЕНИЯ ОБ ОТВЕТСТВЕННОСТИ | |
| Основное заглавие | Проектная деятельность в вузе: особенности сферы физической культуры и спорта |
| Сведения, относящиеся к заглавию | учебное пособие |
| -- | для студентов вузов, обучающихся на программах бакалавриата по направлению 44.03.01 Педагогическое образование, профиль "Физическая культура", 49.03.01 "Физическая культура", 49.03.02 "Физическая культура для лиц с отклонениями здоровья (адаптивная физическая культура)", 44.03.05 Педагогическое образование профиль Физическая культура и безопасность жизнедеятельности, 44.04.05 Педагогическое образование профиль Физическая культура и иностранный язык, а также на программах магистратуры по направлению 44.04.01 Педагогическое образование "Образование в области физической культуры и спорта" |
| Первые сведения об ответственности | А.В. Лысенко, Д.С. Лысенко |
| Последующие сведения об ответственности | Министерство образования и науки Российской Федерации, Федеральное государственное бюджетное образовательное учреждение высшего образования "Южный федеральный университет", Академия физической культуры и спрота |
| 203 ## - ВИД СОДЕРЖАНИЯ И ТИП СРЕДСТВА | |
| Вид содержания | Текст |
| Дополнительные сведения об издании | визуальный |
| Тип средства | непосредственный |
| 210 ## - ПУБЛИКАЦИЯ, РАСПРОСТРАНЕНИЕ И ДР. | |
| Место издания, распространения и т.д. | Ростов-на-Дону |
| -- | Таганрог |
| Имя издателя, распространителя и т. д. | Изд-во Южного федерального университета |
| Дата издания, распространения и т.д. | 2020 |
| 215 ## - ФИЗИЧЕСКАЯ ХАРАКТЕРИСТИКА | |
| Специфическое обозначение материала и объем | 131 с. |
| Другие сведения о физической характеристике | ил. |
| Размеры | 20 |
| 300 ## - ОБЩИЕ ПРИМЕЧАНИЯ | |
| Текст примечания | В вып. дан. авт.:д.б.н., проф. А.В. Лысенко, преп. Д.С. Лысенко |
| 320 ## - ПРИМЕЧАНИЯ О НАЛИЧИИ В ДОКУМЕНТЕ БИБЛИОГРАФИИ / УКАЗАТЕЛЯ | |
| Текст примечания | Библиогр.: с. 124-131 (79 назв.) |
| 606 1# - НАИМЕНОВАНИЕ ТЕМЫ КАК ПРЕДМЕТ | |
| Наименование темы | Учителя физического воспитания |
| Формальный подзаголовок | Учебные издания |
| Тематический подзаголовок | Подготовка |
| -- | Проектов метод |
| Системный номер авторитетной/нормативной записи | 2492922 |
| Идентификатор авторитетной/нормативной записи | RU\NLR\AUTH\6601695054 |
| 606 1# - НАИМЕНОВАНИЕ ТЕМЫ КАК ПРЕДМЕТ | |
| Наименование темы | Физическая культура и спорт |
| Формальный подзаголовок | Учебные издания для высших учебных заведений |
| Тематический подзаголовок | Проектная деятельность учащихся |
| Системный номер авторитетной/нормативной записи | 2492927 |
| Идентификатор авторитетной/нормативной записи | RU\NLR\AUTH\6601695056 |
| 686 1# - ИНДЕКСЫ ДРУГИХ КЛАССИФИКАЦИЙ | |
| Индекс | Ч489.518.267.3я7 |
| 686 1# - ИНДЕКСЫ ДРУГИХ КЛАССИФИКАЦИЙ | |
| Индекс | Ч426.73-254я73 |
| 686 1# - ИНДЕКСЫ ДРУГИХ КЛАССИФИКАЦИЙ | |
| Индекс | Ч486.73-254я73 |
| 700 #1 - ИМЯ ЛИЦА - ПЕРВИЧНАЯ ОТВЕТСТВЕННОСТЬ | |
| Начальный элемент ввода | Лысенко |
| Часть имени, кроме начального элемента ввода | А. В. |
| Дополнения к именам, кроме дат | д-р биол. наук |
| Расширение инициалов личного имени | Алла Викторовна |
| Системный номер авторитетной/нормативной записи | 144795 |
| Идентификатор авторитетной/нормативной записи | RU\NLR\AUTH\770144831 |
| 701 #1 - ИМЯ ЛИЦА - АЛЬТЕРНАТИВНАЯ ОТВЕТСТВЕННОСТЬ | |
| Начальный элемент ввода | Лысенко |
| Часть имени, кроме начального элемента ввода | Д. С. |
| Дополнения к именам, кроме дат | преподаватель, безопасность жизнедеятельности |
| Расширение инициалов личного имени | Дмитрий Сергеевич |
| Системный номер авторитетной/нормативной записи | 144793 |
| Идентификатор авторитетной/нормативной записи | RU\NLR\AUTH\770144829 |
| 942 ## - ДОПОЛНИТЕЛЬНЫЕ ЭЛЕМЕНТЫ ЗАПИСИ (АБИС) | |
| Тип экземпляра АБИС | Книга |
| 980 ## - КОЛЛЕКЦИЯ | |
| Название коллекции | НБР |
| 980 ## - КОЛЛЕКЦИЯ | |
| Название коллекции | Национальная библиография |
Нет доступных экземпляров.